[Event "Internationaal Jeugdtoernooi Limburg 7"]
[Site "Stein"]
[Date "2001.07.13"]
[Round "4"]
[White "Van Oosterom, Chiel"]
[Black "Van Dooren, Dirk"]
[Result "1-0"]
[WhiteElo "1762"]
[BlackElo "1617"]
[PlyCount "85"]
[EventDate "2001.07.12"]
[EventType "swiss"]
[EventRounds "7"]
[EventCountry "NED"]
[Source "P.Boonen"]
[SourceDate "2009.01.01"]

1. c4 Nf6 2. Nc3 c6 3. g3 d6 4. Bg2 g6 5. Nf3 Bg7 6. O-O O-O 7. d3 e5 8. b4 Ne8
9. Rb1 f5 10. Qb3 h6 11. c5+ d5 12. e4 Be6 13. Nh4 Kh7 14. exd5 Bg8 15. b5 Nc7
16. bxc6 bxc6 17. Qb7 cxd5 18. Nxd5 Bxd5 19. Bxd5 Qxd5 20. Qxc7 Na6 21. Qd6
Qxd6 22. cxd6 Rfd8 23. Ba3 Rd7 24. Rfc1 Rad8 25. Rc6 Nb8 26. Rc7 Na6 27. Rxd7
Rxd7 28. Rc1 Bf6 29. Ng2 Kg7 30. Rc6 Nb8 31. Rc7 Bd8 32. Rxd7+ Nxd7 33. Ne3 Kf6
34. Kf1 Ke6 35. Ke2 Bf6 36. Nc4 Bg7 37. Bb4 Bf8 38. Kd2 Nb6 39. Kc3 Bg7 40.
Nxb6 axb6 41. Kc4 e4 42. dxe4 fxe4 43. Kb5 1-0

[Event "Internationaal Jeugdtoernooi Limburg 7"]
[Site "Stein"]
[Date "2001.07.13"]
[Round "4"]
[White "Van Veen, Oscar"]
[Black "Ruygrok, Dennis"]
[Result "0-1"]
[WhiteElo "2187"]
[BlackElo "1937"]
[PlyCount "76"]
[EventDate "2001.07.12"]
[EventType "swiss"]
[EventRounds "7"]
[EventCountry "NED"]
[Source "P.Boonen"]
[SourceDate "2009.01.01"]

1. e4 Nf6 2. e5 Nd5 3. d4 d6 4. c4 Nb6 5. f4 dxe5 6. fxe5 Nc6 7. Be3 Bf5 8. Nf3
e6 9. Nc3 Be7 10. d5 Nb4 11. Rc1 exd5 12. Bxb6 axb6 13. cxd5 Bg5 14. Bb5+ c6
15. dxc6 bxc6 16. Qxd8+ Bxd8 17. a3 Nd3+ 18. Bxd3 Bxd3 19. Kf2 Be7 20. Rhd1
Bc5+ 21. Kg3 Be3 22. Ra1 Bf5 23. Rd6 Bc5 24. Rxc6 Bd7 25. Rxc5 bxc5 26. Ne4 Rb8
27. Nxc5 Rxb2 28. Rd1 Bc6 29. Nd4 Ba8 30. e6 O-O 31. e7 Re8 32. Nf5 g6 33. Rd8
Rb8 34. Rxb8 Rxb8 35. Nd6 Bc6 36. Ncb7 Kg7 37. Kf4 Kf6 38. Nd8 g5+ 0-1

[Event "Internationaal Jeugdtoernooi Limburg 7"]
[Site "Stein"]
[Date "2001.07.13"]
[Round "4"]
[White "Van Vliet, Jeffrey"]
[Black "Van Otten, Gerard J"]
[Result "1-0"]
[WhiteElo "1902"]
[BlackElo "1955"]
[PlyCount "61"]
[EventDate "2001.07.12"]
[EventType "swiss"]
[EventRounds "7"]
[EventCountry "NED"]
[Source "P.Boonen"]
[SourceDate "2009.01.01"]

1. e4 c5 2. Nc3 Nc6 3. g3 g6 4. Bg2 Bg7 5. d3 d6 6. Be3 Nf6 7. h3 Bd7 8. Qd2
Rb8 9. Bh6 Bxh6 10. Qxh6 Nd4 11. Qd2 b5 12. f4 b4 13. Nce2 Nxe2 14. Nxe2 Qc7
15. O-O O-O 16. g4 c4 17. d4 c3 18. bxc3 Rfc8 19. g5 bxc3 20. Qe3 Nh5 21. Rf3
Rb2 22. Nxc3 Rxc2 23. Nd5 Qd8 24. f5 e6 25. fxg6 hxg6 26. Nf6+ Nxf6 27. gxf6 e5
28. dxe5 dxe5 29. Rd1 R8c7 30. Qg5 Qe8 31. Rfd3 1-0

[Event "Internationaal Jeugdtoernooi Limburg 7"]
[Site "Stein"]
[Date "2001.07.14"]
[Round "5"]
[White "Cornelissen, Philip"]
[Black "Brandenburg, Daan"]
[Result "0-1"]
[WhiteElo "1285"]
[BlackElo "1864"]
[PlyCount "96"]
[EventDate "2001.07.12"]
[EventType "swiss"]
[EventRounds "7"]
[EventCountry "NED"]
[Source "P.Boonen"]
[SourceDate "2009.01.01"]

1. e4 c5 2. Nf3 d6 3. d4 cxd4 4. Nxd4 Nf6 5. Nc3 Nc6 6. Be3 Ng4 7. Bc1 Qb6 8.
Be3 Nxe3 9. fxe3 Qxb2 10. Nd5 Kd8 11. Rb1 Qa3 12. Qd2 e6 13. Rb3 Qxa2 14. Qc3
exd5 15. Nxc6+ bxc6 16. Qxc6 Qa5+ 17. Kd1 Bg4+ 18. Kc1 Rc8 19. Qb7 Qe1+ 20. Kb2
Qd1 21. Rc3 Rxc3 22. Kxc3 Qa1+ 23. Kd2 d4 24. exd4 Qxd4+ 25. Bd3 g6 26. Qb8+
Ke7 27. Qc7+ Bd7 28. Rb1 Bh6+ 29. Ke2 Qe3+ 30. Kf1 Rc8 31. Qb7 Qc5 32. Qa6 Be3
33. Rd1 Bg4 34. Be2 Bg1 35. Ke1 Bxe2 36. Qxe2 Qxc2 37. Qxc2 Rxc2 38. Rd5 Bxh2
39. Ra5 Bg1 40. Kf1 Bb6 41. Ra6 Rf2+ 42. Ke1 Rxg2 43. Kd1 h5 44. Ra3 a5 45. Ke1
h4 46. Kf1 Rg3 47. Ra2 Rg1+ 48. Ke2 Rg2+ 0-1

[Event "Internationaal Jeugdtoernooi Limburg 7"]
[Site "Stein"]
[Date "2001.07.14"]
[Round "5"]
[White "Kommer, Bas"]
[Black "Van Leent, Dmitri"]
[Result "1-0"]
[WhiteElo "1940"]
[BlackElo "2006"]
[PlyCount "81"]
[EventDate "2001.07.12"]
[EventType "swiss"]
[EventRounds "7"]
[EventCountry "NED"]
[Source "P.Boonen"]
[SourceDate "2009.01.01"]

1. d4 g6 2. g3 Bg7 3. Bg2 Nf6 4. Nf3 O-O 5. h4 h5 6. c4 d6 7. Nc3 Bf5 8. Qb3
Qc8 9. Ng5 c6 10. e4 Bd7 11. Be3 Ng4 12. O-O-O Na6 13. Rhe1 b5 14. cxb5 Rb8 15.
Kb1 cxb5 16. Nd5 Qd8 17. e5 Bf5+ 18. Ka1 e6 19. Qa3 Nc7 20. Nxc7 Qxc7 21. exd6
Nxe3 22. fxe3 Qc2 23. Bf3 b4 24. Qxa7 e5 25. Bd5 b3 26. a3 Bg4 27. Rc1 Qf2 28.
Rf1 Rbc8 29. Rb1 Qc2 30. Nxf7 Be2 31. Nxe5+ Kh7 32. Rxf8 Rxf8 33. Nf7 Rc8 34.
Ng5+ Kh6 35. Nf7+ Kh7 36. Ng5+ Kh6 37. Be4 Bd3 38. Bxd3 Qxd3 39. Nf7+ Kh7 40.
Ng5+ Kh8 41. d7 1-0

[Event "Internationaal Jeugdtoernooi Limburg 7"]
[Site "Stein"]
[Date "2001.07.14"]
[Round "5"]
[White "L'Ami, Erwin"]
[Black "Van Ruitenburg, Joost"]
[Result "0-1"]
[WhiteElo "2329"]
[BlackElo "2154"]
[PlyCount "120"]
[EventDate "2001.07.12"]
[EventType "swiss"]
[EventRounds "7"]
[EventCountry "NED"]
[Source "P.Boonen"]
[SourceDate "2009.01.01"]

1. e4 e5 2. Nf3 Nc6 3. Bb5 f5 4. Nc3 fxe4 5. Nxe4 Nf6 6. Qe2 Qe7 7. O-O d5 8.
Ng3 e4 9. Nd4 Qc5 10. c3 Bd6 11. d3 O-O 12. dxe4 Bxg3 13. hxg3 Nxe4 14. Be3
Nxd4 15. Bxd4 Qd6 16. Rad1 Qg6 17. Qc2 Bf5 18. Qb3 c5 19. Be3 c4 20. Qa4 Nf6
21. Bxa7 Bc2 22. Qa5 Bxd1 23. Rxd1 Qh5 24. f3 Qg6 25. g4 Qc2 26. Rf1 Qxb2 27.
a4 Rf7 28. Qb6 Qxc3 29. Qd4 Qxd4+ 30. Bxd4 Ne8 31. Kf2 Nc7 32. Rb1 Ne6 33. Bb6
Rc8 34. Re1 Nf4 35. Rd1 Re7 36. Kg3 g5 37. Rd2 Re2 38. Rxe2 Nxe2+ 39. Kf2 Nf4
40. Bd7 Ra8 41. g3 Nd3+ 42. Ke3 Kf7 43. a5 Ke7 44. Bf5 Kd6 45. Bxh7 Nc5 46. f4
Re8+ 47. Kd4 Ne6+ 48. Kc3 gxf4 49. gxf4 Nxf4 50. g5 Re7 51. Bc2 Rg7 52. Ba7 Ne6
53. g6 Nf8 54. Kd4 Nxg6 55. Bb8+ Ke6 56. Kc5 Ne5 57. Kb5 d4 58. Be4 d3 59. Ba7
c3 60. Be3 Rd7 0-1

[Event "Internationaal Jeugdtoernooi Limburg 7"]
[Site "Stein"]
[Date "2001.07.14"]
[Round "5"]
[White "Michielsen, Joost"]
[Black "Ruygrok, Dennis"]
[Result "1-0"]
[WhiteElo "2024"]
[BlackElo "1937"]
[PlyCount "49"]
[EventDate "2001.07.12"]
[EventType "swiss"]
[EventRounds "7"]
[EventCountry "NED"]
[Source "P.Boonen"]
[SourceDate "2009.01.01"]

1. e4 Nf6 2. e5 Nd5 3. d4 d6 4. Nf3 Bg4 5. Be2 Nc6 6. O-O e6 7. c4 Nde7 8. exd6
Qxd6 9. Nc3 Bxf3 10. Bxf3 O-O-O 11. Nb5 Qb4 12. b3 Nxd4 13. Nxd4 Nf5 14. Bd2
Rxd4 15. Bxb4 Rxd1 16. Rfxd1 Bxb4 17. Rd3 Ba3 18. b4 Bxb4 19. Rb1 a5 20. a3 Bc5
21. Bxb7+ Kb8 22. Be4+ Kc8 23. Bxf5 exf5 24. Rd5 Bxa3 25. Rxa5 1-0

[Event "Internationaal Jeugdtoernooi Limburg 7"]
[Site "Stein"]
[Date "2001.07.14"]
[Round "5"]
[White "Monteban, Martijn"]
[Black "Heltzel, Joost"]
[Result "1/2-1/2"]
[WhiteElo "2086"]
[BlackElo "2139"]
[PlyCount "66"]
[EventDate "2001.07.12"]
[EventType "swiss"]
[EventRounds "7"]
[EventCountry "NED"]
[Source "P.Boonen"]
[SourceDate "2009.01.01"]

1. d4 Nf6 2. Nf3 e6 3. c4 b6 4. g3 Ba6 5. b3 Bb4+ 6. Bd2 Be7 7. Bg2 Bb7 8. O-O
c5 9. Nc3 Qc8 10. Rc1 cxd4 11. Nxd4 Bxg2 12. Kxg2 Qb7+ 13. Nf3 Na6 14. Bf4 d6
15. Qc2 O-O 16. Rfd1 Rfd8 17. Kg1 Rac8 18. Qb1 Nc5 19. Bg5 h6 20. Be3 Nce4 21.
Nxe4 Nxe4 22. Nd2 Nf6 23. Bd4 d5 24. Bxf6 Bxf6 25. cxd5 Rxc1 26. Rxc1 Qxd5 27.
Nf3 g6 28. Rc7 a5 29. Qc2 b5 30. Rc8 Rxc8 31. Qxc8+ Kg7 32. Qc2 Qd7 33. a4 bxa4
1/2-1/2

[Event "Internationaal Jeugdtoernooi Limburg 7"]
[Site "Stein"]
[Date "2001.07.14"]
[Round "5"]
[White "Nabuurs, Joep"]
[Black "Jansen, Bob"]
[Result "0-1"]
[WhiteElo "1668"]
[BlackElo "1882"]
[PlyCount "76"]
[EventDate "2001.07.12"]
[EventType "swiss"]
[EventRounds "7"]
[EventCountry "NED"]
[Source "P.Boonen"]
[SourceDate "2009.01.01"]

1. e4 e6 2. d4 d5 3. Nc3 Bb4 4. e5 c5 5. a3 Ba5 6. b4 cxd4 7. Nb5 Bc7 8. Nf3
Bd7 9. Nxc7+ Qxc7 10. Bf4 Ne7 11. Bd3 Ng6 12. Bxg6 hxg6 13. O-O Ba4 14. Nxd4
Nc6 15. Nxc6 Qxc6 16. Rc1 Qc3 17. Qd3 Rc8 18. Rfe1 O-O 19. Be3 a6 20. Bc5 Qxd3
21. cxd3 Rfe8 22. f4 Bb5 23. d4 Rc6 24. Bd6 Rec8 25. Rc5 b6 26. Rxc6 Rxc6 27.
Kf2 Rc4 28. g3 Rxd4 29. Bc7 Rd2+ 30. Kf3 Rxh2 31. Bxb6 Ra2 32. Re3 Rc2 33. Bd4
Ra2 34. Bb6 Kh7 35. g4 Rd2 36. Re1 d4 37. Rh1+ Kg8 38. Rc1 Be2+ 0-1

[Event "Internationaal Jeugdtoernooi Limburg 7"]
[Site "Stein"]
[Date "2001.07.14"]
[Round "5"]
[White "Plukkel, Sjoerd"]
[Black "Muhren, Willem"]
[Result "0-1"]
[WhiteElo "2033"]
[BlackElo "2042"]
[PlyCount "52"]
[EventDate "2001.07.12"]
[EventType "swiss"]
[EventRounds "7"]
[EventCountry "NED"]
[Source "P.Boonen"]
[SourceDate "2009.01.01"]

1. e4 c5 2. Nf3 Nc6 3. Bb5 g6 4. O-O Bg7 5. d3 Nf6 6. c3 O-O 7. Be3 d6 8. Bxc6
bxc6 9. h3 c4 10. e5 Nd5 11. exd6 Nxe3 12. fxe3 cxd3 13. dxe7 Qxe7 14. Qxd3 Bf5
15. Qd2 Bh6 16. Re1 Rfe8 17. Kf2 Rad8 18. Qc1 Rd3 19. Nbd2 Rxe3 20. b4 Re2+ 21.
Rxe2 Qxe2+ 22. Kg1 Rd8 23. Qf1 Rxd2 24. Nxd2 Qxd2 25. Qc4 Qe3+ 26. Kh1 Be4 0-1

[Event "Internationaal Jeugdtoernooi Limburg 7"]
[Site "Stein"]
[Date "2001.07.14"]
[Round "5"]
[White "Simenon, Jozef"]
[Black "Brandenburg, Rik"]
[Result "1-0"]
[WhiteElo "1765"]
[BlackElo "1659"]
[PlyCount "132"]
[EventDate "2001.07.12"]
[EventType "swiss"]
[EventRounds "7"]
[EventCountry "NED"]
[Source "P.Boonen"]
[SourceDate "2009.01.01"]

1. d4 d5 2. g3 Nf6 3. Bg2 Bf5 4. Nf3 e6 5. O-O Be7 6. c4 c6 7. Nc3 dxc4 8. Ne5
Nbd7 9. Nxc4 O-O 10. e4 Bg4 11. Qb3 b5 12. Ne3 Nb6 13. e5 Qxd4 14. exf6 Bxf6
15. Nxg4 Qxg4 16. Bxc6 Rad8 17. Nxb5 a6 18. Nc3 Rb8 19. Qd1 Qf5 20. Be4 Qa5 21.
Qc2 h5 22. Qe2 h4 23. Qg4 hxg3 24. hxg3 Bxc3 25. bxc3 f5 26. Qg5 Qxc3 27. Bd2
Qb2 28. Bg2 Nc4 29. Be3 Rb5 30. Qf4 Nxe3 31. Qxe3 Re5 32. Qb3 Qd2 33. Rad1 Qh6
34. Rfe1 Qf6 35. Rxe5 Qxe5 36. Qe3 Qf6 37. Re1 Kf7 38. Qe5 Rc8 39. Qxf6+ Kxf6
40. Re3 a5 41. f4 Rc2 42. a3 Ra2 43. Bc6 g5 44. a4 gxf4 45. gxf4 Rc2 46. Bb5
Rd2 47. Rc3 Rd4 48. Rc4 Rd5 49. Kf2 Ke7 50. Ke3 e5 51. fxe5 Rxe5+ 52. Kf4 Re1
53. Kxf5 Kd6 54. Rc6+ Kd5 55. Ra6 Kc5 56. Rxa5 Kb6 57. Ra6+ Kb7 58. Re6 Ra1 59.
Kf6 Kc8 60. Ke7 Kc7 61. Ke8 Kc8 62. Rc6+ Kb7 63. Kd7 Kb8 64. Rb6+ Ka7 65. Kc7
Rc1+ 66. Rc6 Rxc6+ 1-0

[Event "Internationaal Jeugdtoernooi Limburg 7"]
[Site "Stein"]
[Date "2001.07.14"]
[Round "5"]
[White "Sminia, Jelmer"]
[Black "Van Vliet, Jeffrey"]
[Result "1/2-1/2"]
[WhiteElo "1879"]
[BlackElo "1902"]
[PlyCount "60"]
[EventDate "2001.07.12"]
[EventType "swiss"]
[EventRounds "7"]
[EventCountry "NED"]
[Source "P.Boonen"]
[SourceDate "2009.01.01"]

1. e4 e6 2. d4 d5 3. Nc3 Bb4 4. e5 c5 5. a3 Bxc3+ 6. bxc3 Ne7 7. Nf3 Nd7 8. Bd3
Qa5 9. Bd2 c4 10. Be2 Nb6 11. O-O Na4 12. Qe1 Bd7 13. Nh4 O-O-O 14. f4 h6 15.
Rf3 Rdg8 16. Rg3 Nf5 17. Nxf5 exf5 18. Bf3 Be6 19. Rb1 a6 20. Be2 Qd8 21. Qc1
b5 22. Ra1 Qe7 23. Rb1 g6 24. Bf3 Rh7 25. Rh3 Rhh8 26. Rg3 Rg7 27. Rh3 h5 28.
Ra1 h4 29. Qe1 Rgh7 30. Be2 Rg8 1/2-1/2

[Event "Internationaal Jeugdtoernooi Limburg 7"]
[Site "Stein"]
[Date "2001.07.14"]
[Round "5"]
[White "Spronkmans, Stefan"]
[Black "Blees, Enrico"]
[Result "0-1"]
[WhiteElo "1766"]
[BlackElo "1675"]
[PlyCount "62"]
[EventDate "2001.07.12"]
[EventType "swiss"]
[EventRounds "7"]
[EventCountry "NED"]
[Source "P.Boonen"]
[SourceDate "2009.01.01"]

1. e4 c6 2. d4 d5 3. Nc3 dxe4 4. Nxe4 Nf6 5. Ng3 e6 6. Nf3 Be7 7. Bd3 O-O 8.
O-O b6 9. c3 Bb7 10. Ne5 c5 11. Be3 cxd4 12. cxd4 Nc6 13. Nxc6 Bxc6 14. Rc1 Bb7
15. Qb3 Nd5 16. Ne2 Bd6 17. Bb1 Qh4 18. h3 g5 19. Bd2 Kh8 20. f3 Bf4 21. Nxf4
gxf4 22. Qd3 a5 23. Be1 Qh6 24. Bf2 Ba6 25. Qd2 Rg8 26. Kh2 Rxg2+ 27. Kxg2 Rg8+
28. Kh2 Rg3 29. Bxg3 fxg3+ 30. Kxg3 Qxd2 31. Rfd1 Qf4+ 0-1

[Event "Internationaal Jeugdtoernooi Limburg 7"]
[Site "Stein"]
[Date "2001.07.14"]
[Round "5"]
[White "Van Dooren, Dirk"]
[Black "Nabuurs, Mart"]
[Result "1/2-1/2"]
[WhiteElo "1617"]
[BlackElo "1596"]
[PlyCount "66"]
[EventDate "2001.07.12"]
[EventType "swiss"]
[EventRounds "7"]
[EventCountry "NED"]
[Source "P.Boonen"]
[SourceDate "2009.01.01"]

1. e4 e6 2. d4 d5 3. Nd2 c5 4. c3 Nc6 5. Bb5 a6 6. Bxc6+ bxc6 7. exd5 cxd5 8.
dxc5 Bxc5 9. Nb3 Bb6 10. Nf3 Ne7 11. O-O O-O 12. Re1 Nf5 13. Nbd4 Nxd4 14. Nxd4
Bb7 15. Qg4 Rc8 16. Bg5 Qd6 17. Bh6 g6 18. Bxf8 Kxf8 19. Re2 Rc4 20. Rd1 e5 21.
Qg3 Bc7 22. Nb3 Qc6 23. Rde1 Kg8 24. f3 d4 25. cxd4 exd4 26. Qg5 d3 27. Rd2 Qd6
28. Qh6 Bc6 29. Red1 Qe7 30. Rxd3 Rh4 31. Qe3 Qxe3+ 32. Rxe3 Bb6 33. Rde1 Rc4
1/2-1/2

[Event "Internationaal Jeugdtoernooi Limburg 7"]
[Site "Stein"]
[Date "2001.07.14"]
[Round "5"]
[White "Van Oosterom, Chiel"]
[Black "Holtackers, Daan"]
[Result "0-1"]
[WhiteElo "1762"]
[BlackElo "1935"]
[PlyCount "66"]
[EventDate "2001.07.12"]
[EventType "swiss"]
[EventRounds "7"]
[EventCountry "NED"]
[Source "P.Boonen"]
[SourceDate "2009.01.01"]

1. c4 c5 2. Nc3 Nc6 3. g3 Nf6 4. Bg2 g6 5. Nf3 Bg7 6. O-O d6 7. d4 cxd4 8. Nxd4
Bd7 9. Nc2 O-O 10. e4 a6 11. Be3 Rb8 12. Qe2 Ne5 13. Nd5 b5 14. Ncb4 bxc4 15.
Nxa6 Rxb2 16. Qxb2 Nxd5 17. Qa3 Nxe3 18. fxe3 Qb6 19. Nb4 Qc5 20. Nc2 Qxa3 21.
Nxa3 Ng4 22. Rae1 Be6 23. Nc2 c3 24. a3 Bc4 25. Rf4 Ne5 26. Bf1 Bb3 27. Nd4 Ba4
28. Rc1 Rc8 29. Nf3 Nxf3+ 30. Rxf3 c2 31. Bd3 Bb2 32. Rff1 Bxc1 33. Rxc1 Rc3
0-1

[Event "Internationaal Jeugdtoernooi Limburg 7"]
[Site "Stein"]
[Date "2001.07.14"]
[Round "5"]
[White "Van Otten, Gerard J"]
[Black "Broersen, Sjors"]
[Result "1/2-1/2"]
[WhiteElo "1955"]
[BlackElo "2062"]
[PlyCount "80"]
[EventDate "2001.07.12"]
[EventType "swiss"]
[EventRounds "7"]
[EventCountry "NED"]
[Source "P.Boonen"]
[SourceDate "2009.01.01"]

1. e4 c5 2. Nf3 Nc6 3. d4 cxd4 4. Nxd4 Nf6 5. Nc3 e5 6. Ndb5 d6 7. Bg5 a6 8.
Na3 b5 9. Nd5 Be7 10. Bxf6 Bxf6 11. c3 Bg5 12. Nc2 Rb8 13. a4 bxa4 14. Ncb4
Nxb4 15. Nxb4 Bb7 16. Qxa4+ Qd7 17. Qc2 O-O 18. Bxa6 Qg4 19. f3 Bh4+ 20. Kf1
Qc8 21. Bxb7 Rxb7 22. Qb3 Qc5 23. g3 Qb5+ 24. Kf2 Bd8 25. Rhe1 Bb6+ 26. Kg2 Bc5
27. Rad1 Bxb4 28. Qxb4 Qxb4 29. cxb4 Rxb4 30. Rxd6 Rxb2+ 31. Kh3 Rf2 32. Re3
Rc8 33. Red3 h5 34. Rd8+ Rxd8 35. Rxd8+ Kh7 36. Rd3 Kg6 37. Ra3 Kg5 38. Rb3 h4
39. Ra3 Kh5 40. Rb3 hxg3 1/2-1/2

[Event "Internationaal Jeugdtoernooi Limburg 7"]
[Site "Stein"]
[Date "2001.07.14"]
[Round "5"]
[White "Van Veen, Oscar"]
[Black "Stoffers, Jeffrey"]
[Result "1-0"]
[WhiteElo "2187"]
[BlackElo "1283"]
[PlyCount "43"]
[EventDate "2001.07.12"]
[EventType "swiss"]
[EventRounds "7"]
[EventCountry "NED"]
[Source "P.Boonen"]
[SourceDate "2009.01.01"]

1. e4 c5 2. d4 cxd4 3. c3 dxc3 4. Nxc3 e6 5. Nf3 Bb4 6. Qd4 Bxc3+ 7. Qxc3 Nf6
8. Bg5 O-O 9. Bd3 Nc6 10. O-O-O d6 11. e5 Nd5 12. Bxh7+ Kh8 13. Rxd5 Qb6 14.
Rxd6 Kxh7 15. Be3 Qb5 16. Bc5 Re8 17. Kb1 b6 18. Ba3 Bb7 19. Rd7 Ba6 20. Ng5+
Kg8 21. Qc2 g6 22. Nxf7 1-0

[Event "Internationaal Jeugdtoernooi Limburg 7"]
[Site "Stein"]
[Date "2001.07.14"]
[Round "6"]
[White "Blees, Enrico"]
[Black "Nabuurs, Joep"]
[Result "1-0"]
[WhiteElo "1675"]
[BlackElo "1668"]
[PlyCount "69"]
[EventDate "2001.07.12"]
[EventType "swiss"]
[EventRounds "7"]
[EventCountry "NED"]
[Source "P.Boonen"]
[SourceDate "2009.01.01"]

1. d4 Nf6 2. c4 e5 3. dxe5 Ng4 4. Nf3 Nc6 5. Nc3 Ngxe5 6. e4 Bc5 7. Nxe5 Nxe5
8. Bf4 Ng6 9. Bg3 O-O 10. Be2 d6 11. Qc2 f5 12. exf5 Bxf5 13. Qd2 Kh8 14. O-O
Qf6 15. Rad1 Qf7 16. b3 Rae8 17. Bf3 Bc8 18. Na4 Bb6 19. Qc3 Ne5 20. Bd5 Qg6
21. c5 c6 22. cxb6 cxd5 23. bxa7 d4 24. Qxd4 Bg4 25. Rd2 Bf3 26. Qxd6 Rf6 27.
Qxe5 Rxe5 28. a8=Q+ Re8 29. Rd8 Rff8 30. Rxe8 Rxe8 31. Qa5 Bc6 32. Re1 h6 33.
Rxe8+ Qxe8 34. Qe5 Qd7 35. Qe1 1-0

[Event "Internationaal Jeugdtoernooi Limburg 7"]
[Site "Stein"]
[Date "2001.07.14"]
[Round "6"]
[White "Brandenburg, Rik"]
[Black "Cornelissen, Philip"]
[Result "1-0"]
[WhiteElo "1659"]
[BlackElo "1285"]
[PlyCount "48"]
[EventDate "2001.07.12"]
[EventType "swiss"]
[EventRounds "7"]
[EventCountry "NED"]
[Source "P.Boonen"]
[SourceDate "2009.01.01"]

1. e4 e5 2. Nf3 Nc6 3. d4 exd4 4. Nxd4 Nf6 5. Nxc6 bxc6 6. e5 Nd5 7. c4 Nb6 8.
Bd3 Bc5 9. O-O O-O 10. Qh5 g6 11. Qh6 d6 12. Bg5 f6 13. Bxg6 hxg6 14. Qxg6+ Kh8
15. Bxf6+ Rxf6 16. exf6 Qg8 17. Qxg8+ Kxg8 18. Nd2 Bd4 19. Rae1 Bxf6 20. Re8+
Kg7 21. Rfe1 Bb7 22. Rxa8 Bxa8 23. b3 d5 24. c5 Nd7 1-0

[Event "Internationaal Jeugdtoernooi Limburg 7"]
[Site "Stein"]
[Date "2001.07.14"]
[Round "6"]
[White "Broersen, Sjors"]
[Black "Van Oosterom, Chiel"]
[Result "0-1"]
[WhiteElo "2062"]
[BlackElo "1762"]
[PlyCount "34"]
[EventDate "2001.07.12"]
[EventType "swiss"]
[EventRounds "7"]
[EventCountry "NED"]
[Source "P.Boonen"]
[SourceDate "2009.01.01"]

1. e4 d5 2. exd5 Nf6 3. d4 Nxd5 4. c4 Nb6 5. Nc3 e5 6. dxe5 Qxd1+ 7. Kxd1 Nc6
8. Nb5 Bg4+ 9. f3 O-O-O+ 10. Ke1 Be6 11. Be3 Nxc4 12. Bxc4 Bxc4 13. Nc3 Nxe5
14. b3 Bb4 15. Bd2 Rhe8 16. Nge2 Bxe2 17. Kxe2 Nc4+ 0-1

[Event "Internationaal Jeugdtoernooi Limburg 7"]
[Site "Stein"]
[Date "2001.07.14"]
[Round "6"]
[White "Heltzel, Joost"]
[Black "L'Ami, Erwin"]
[Result "1/2-1/2"]
[WhiteElo "2139"]
[BlackElo "2329"]
[PlyCount "29"]
[EventDate "2001.07.12"]
[EventType "swiss"]
[EventRounds "7"]
[EventCountry "NED"]
[Source "P.Boonen"]
[SourceDate "2009.01.01"]

1. d4 Nf6 2. c4 g6 3. Nc3 d5 4. Nf3 Bg7 5. Qb3 dxc4 6. Qxc4 O-O 7. e4 a6 8. e5
b5 9. Qb3 Nfd7 10. Be3 Nb6 11. h4 Nc6 12. h5 Be6 13. Qd1 Nb4 14. hxg6 hxg6 15.
Qd2 1/2-1/2

[Event "Internationaal Jeugdtoernooi Limburg 7"]
[Site "Stein"]
[Date "2001.07.14"]
[Round "6"]
[White "Holtackers, Daan"]
[Black "Kommer, Bas"]
[Result "1-0"]
[WhiteElo "1935"]
[BlackElo "1940"]
[PlyCount "37"]
[EventDate "2001.07.12"]
[EventType "swiss"]
[EventRounds "7"]
[EventCountry "NED"]
[Source "P.Boonen"]
[SourceDate "2009.01.01"]

1. d4 d5 2. c4 c6 3. Nc3 e6 4. e3 Nf6 5. Nf3 Nbd7 6. Bd3 Bd6 7. O-O h5 8. e4
dxe4 9. Nxe4 Nxe4 10. Bxe4 Nf6 11. Bc2 b6 12. Ba4 Qc7 13. c5 bxc5 14. dxc5 Bxc5
15. Qc2 Nd7 16. Rd1 Nb6 17. Qxc5 Nxa4 18. Qd4 Nb6 19. Qxg7 1-0

[Event "Internationaal Jeugdtoernooi Limburg 7"]
[Site "Stein"]
[Date "2001.07.14"]
[Round "6"]
[White "Jansen, Bob"]
[Black "Monteban, Martijn"]
[Result "0-1"]
[WhiteElo "1882"]
[BlackElo "2086"]
[PlyCount "98"]
[EventDate "2001.07.12"]
[EventType "swiss"]
[EventRounds "7"]
[EventCountry "NED"]
[Source "P.Boonen"]
[SourceDate "2009.01.01"]

1. d4 c5 2. e4 cxd4 3. Nf3 d6 4. Qxd4 Nc6 5. Bb5 Bd7 6. Bxc6 Bxc6 7. c4 Nf6 8.
Nc3 g6 9. O-O Bg7 10. Be3 O-O 11. Qd3 a6 12. h3 b5 13. cxb5 axb5 14. Nd4 Qd7
15. Nxc6 Qxc6 16. Rac1 Qb7 17. Bd4 e5 18. Be3 b4 19. Ne2 Qxe4 20. Qxd6 Rxa2 21.
Ng3 Qb7 22. b3 Nd5 23. Qc5 f5 24. Rfd1 Nxe3 25. Qxe3 Qf7 26. Nf1 e4 27. Rc4 Bc3
28. Qb6 Qa7 29. Qe6+ Kh8 30. Ne3 Ra1 31. Qd6 Rg8 32. Rc7 Qa8 33. Qd7 Bg7 34. g3
Rxd1+ 35. Qxd1 Qa3 36. Kg2 Qa5 37. Qd7 Qe5 38. Nc4 Qc3 39. Nd6 Qf3+ 40. Kg1 h6
41. Ne8 e3 42. Nf6 Qxf2+ 43. Kh1 Qe1+ 44. Kg2 Qd2+ 45. Kg1 Qxd7 46. Nxd7 e2 47.
Kf2 Re8 48. Rc1 Bd4+ 49. Ke1 Bc3+ 0-1

[Event "Internationaal Jeugdtoernooi Limburg 7"]
[Site "Stein"]
[Date "2001.07.14"]
[Round "6"]
[White "Muhren, Willem"]
[Black "Sminia, Jelmer"]
[Result "1-0"]
[WhiteElo "2042"]
[BlackElo "1879"]
[PlyCount "88"]
[EventDate "2001.07.12"]
[EventType "swiss"]
[EventRounds "7"]
[EventCountry "NED"]
[Source "P.Boonen"]
[SourceDate "2009.01.01"]

1. e4 e6 2. Qe2 c5 3. d3 Nc6 4. Nf3 Nf6 5. g3 d5 6. Bg2 Be7 7. O-O Qc7 8. Nbd2
b6 9. Re1 Bb7 10. Nf1 dxe4 11. dxe4 O-O-O 12. c3 h6 13. a4 g5 14. N3d2 Na5 15.
Nc4 Nxc4 16. Qxc4 Nd7 17. a5 Ne5 18. axb6 axb6 19. Qe2 h5 20. Be3 f5 21. b4 c4
22. Bd4 fxe4 23. Bxe5 Qxe5 24. Qxc4+ Kb8 25. Rxe4 Qd5 26. Qe2 Bf6 27. Ne3 Qxe4
28. Bxe4 Bxe4 29. Nc4 Bb7 30. Nxb6 Bxc3 31. Rc1 Rd2 32. Qb5 Rhd8 33. Qa4 R2d3
34. Nc4 R8d4 35. Na5 Rxb4 36. Qa2 Bd2 37. Nxb7 Kxb7 38. Ra1 Rbd4 39. Qa7+ Kc6
40. Ra6+ Kd5 41. Qe7 Kc4 42. Ra4+ Kc3 43. Ra3+ Kc2 44. Qxe6 Bc3 1-0

[Event "Internationaal Jeugdtoernooi Limburg 7"]
[Site "Stein"]
[Date "2001.07.14"]
[Round "6"]
[White "Nabuurs, Mart"]
[Black "Spronkmans, Stefan"]
[Result "1/2-1/2"]
[WhiteElo "1596"]
[BlackElo "1766"]
[PlyCount "30"]
[EventDate "2001.07.12"]
[EventType "swiss"]
[EventRounds "7"]
[EventCountry "NED"]
[Source "P.Boonen"]
[SourceDate "2009.01.01"]

1. e4 e5 2. Nf3 Nc6 3. d4 exd4 4. Bc4 Be7 5. c3 dxc3 6. Qd5 Nh6 7. Bxh6 O-O 8.
Bxg7 Kxg7 9. Nxc3 d6 10. Qd2 Ne5 11. Nxe5 dxe5 12. Qxd8 Rxd8 13. Rd1 Bg4 14. f3
Bh5 15. Ke2 c6 1/2-1/2